1,001 calculus practice problems for dummies (Record no. 80770)

MARC details
000 -LEADER
fixed length control field 00762nam a22002417a 4500
003 - CONTROL NUMBER IDENTIFIER
control field CBULib
005 - DATE AND TIME OF LATEST TRANSACTION
control field 20240828100225.0
008 - FIXED-LENGTH DATA ELEMENTS--GENERAL INFORMATION
fixed length control field 230706b |||||||| |||| 00| 0 eng d
020 ## - INTERNATIONAL STANDARD BOOK NUMBER
International Standard Book Number 9781118496718
040 ## - CATALOGING SOURCE
Original cataloging agency CBULib
Transcribing agency CBULib
Language of cataloging English
Description conventions rda
041 ## - LANGUAGE CODE
Language code of text/sound track or separate title eng
050 ## - LIBRARY OF CONGRESS CALL NUMBER
Classification number QA 303.2 Jon
100 0# - MAIN ENTRY--PERSONAL NAME
Personal name PatrickJMT
9 (RLIN) 797
Fuller form of name (Patrick Jones)
245 ## - TITLE STATEMENT
Title 1,001 calculus practice problems for dummies
Statement of responsibility, etc / by PatrickJMT
260 ## - PUBLICATION, DISTRIBUTION, ETC. (IMPRINT)
Place of publication, distribution, etc New Jersey :
Name of publisher, distributor, etc John Wiley & Sons, Inc.,
Date of publication, distribution, etc 2014
300 ## - PHYSICAL DESCRIPTION
Extent Xii, 601 pages : illustrations
336 ## - CONTENT TYPE
Source rdacontent
Content type term Text |
Content type code txt
337 ## - MEDIA TYPE
Source rdamedia
Media type term Unmediated |
Media type code n
338 ## - CARRIER TYPE
Source rdacarrier
Carrier type term Volume
Carrier type code nc
490 ## - SERIES STATEMENT
Series statement For dummies
650 #0 - SUBJECT ADDED ENTRY--TOPICAL TERM
Source of heading or term Library of congress
Topical term or geographic name as entry element CALCULUS--PROBLEMS, EXERCISES
9 (RLIN) 798
942 ## - ADDED ENTRY ELEMENTS (KOHA)
Koha item type MONOGRAPH
Source of classification or shelving scheme
Holdings
Withdrawn status Lost status Source of classification or shelving scheme Damaged status Not for loan Collection code Permanent Location Current Location Shelving location Date acquired Source of acquisition Cost, normal purchase price Total Checkouts Full call number Barcode Checked out Date last seen Date checked out Copy number Cost, replacement price Price effective from Koha item type
          Mpika Library Collection CBU-MPIKA LIBRARY, MPIKA CAMPUS. CBU-MAIN LIBRARY, KITWE. General Stacks 07/06/2023 DON-BOOKAID 45.00 1 QA 303.2 Jon 752281 08/28/2025 06/26/2025 06/26/2025 1 54.00 07/06/2023 MONOGRAPH
          CBU-Lusaka Campus CBU- LUSAKA CAMPUS CBU-MAIN LIBRARY, KITWE. General Stacks 08/28/2024 DON-BOOKAID 45.00   QA 303.2 Jon 752282   08/28/2024   2   08/28/2024 MONOGRAPH
          CBU-Lusaka Campus CBU- LUSAKA CAMPUS CBU-MAIN LIBRARY, KITWE. General Stacks 08/28/2024 DON-BOOKAID 45.00   QA 303.2 Jon 752283   08/28/2024   3   08/28/2024 MONOGRAPH